Atlas de la República Argentina

Salvato in:
Dettagli Bibliografici
Ente Autore: Instituto Geográfico Militar (Autore)
Natura: Libro
Lingua:spagnolo
Pubblicazione: Buenos Aires Ejercito Argentino. Instituto Geográfico Militar 1965
Soggetti:
Tags: Aggiungi Tag
Nessun Tag, puoi essere il primo ad aggiungerne!!

MARC

LEADER 00000nam a2200000 a 4500
001 UCV8823
003 CL-VaPUC
008 911218e19650000AG |||||||||||||||||spa|d
082 0 4 |a 912.82  |b INS  |2 21 
110 2 |a Instituto Geográfico Militar  |e author  |9 302820 
245 1 0 |a Atlas de la República Argentina 
300 |a v 
942 |c BK 
945 |d 19911218 00:00:00  |a oaravena 
260 |a Buenos Aires  |b Ejercito Argentino. Instituto Geográfico Militar  |c 1965 
500 |a v.1: Parte politica 
650 0 |a Mapas  |9 260844 
651 0 |a Argentina  |9 254888 
583 |a last modification  |c 19911218 00:00:00  |k Rodrigo Vera 
999 |c 214267  |d 214265 
952 |0 0  |1 0  |4 0  |6 912_820000000000000_INS_1965  |7 0  |8 F  |9 197467  |a BIBARQ  |b BIBARQ  |d 2019-11-14  |h v.1  |i 2651378  |o 912.82 INS 1965  |p 2651378  |r 2025-01-20  |w 2019-11-14  |y BK_F  |k ARQ